Foreign trade of Japan 1959

Sparad:
Bibliografiska uppgifter
Materialtyp: Bok
Språk:Undetermined
Publicerad: Tokyo Japan Export Trade Promotion Agency 1959
Ämnen:
Taggar: Lägg till en tagg
Inga taggar, Lägg till första taggen!
Thư viện lưu trữ: Trung tâm Học liệu Trường Đại học Cần Thơ
LEADER 00459nam a2200169Ia 4500
001 CTU_105490
008 210402s9999 xx 000 0 und d
082 |a 382.0952 
082 |b F715/1959 
245 0 |a Foreign trade of Japan 1959 
260 |a Tokyo 
260 |b Japan Export Trade Promotion Agency 
260 |c 1959 
650 |a Balance of payments 
650 |z Japan 
904 |i Tuyến 
980 |a Trung tâm Học liệu Trường Đại học Cần Thơ